Statistiche per Mappa dell'Oceania

Clicka qui per fare il quiz!

Statistiche generali

  • Questo quiz è stato fatto 821 volte
  • Il punteggio medio è 9 su 16

Statistiche sulle risposte

Answer % Corretto
Australia
99%
Nuova Zelanda
94%
Papua Nuova Guinea
90%
Stati Federati di
Micronesia
61%
Kiribati
54%
Isole Salomone
52%
Figi
51%
Polinesia Francese (F)
51%
Isole Marshall
50%
Nauru
48%
Palau
45%
Nuova Caledonia (F)
44%
Samoa
42%
Vanuatu
38%
Tonga
36%
Tuvalu
32%

Distribuzione punteggi

Percentile per numero di risposta

Percentuale di utenti per punteggio

I tuoi punteggi nel tempo

Non hai fatto questo quiz